00511nam a22000857a 4500040000800000082003200008245033900040260002600379300002000405 cRUA aVEM PHO 2024 B1.330 Or.1 aCase of Escherichia Coli Antibiotic resistance in chicken at khvav Commune, Samraong District, takeo province, ករណី Escherichia Coli ស៊ាំនឹងឳសថអង់ទីប៊ីយ៉ូទិកលើមាន់ នៅឃុំខ្វាវ ស្រុកសំរោង ខេត្តតាកែវ​​​ aPHNOM PENHbRUAc2024 aix,bill,c2024